Capitals with the Latest Sunrise during Winter Solstice (Northern) - Statistics

General Stats
  • This quiz has been taken 22 times
  • The average score is 17 of 20
Answer Stats
Sunrise Time Capital City % Correct
09:23 Helsinki
100%
08:57 Moscow
100%
09:17 Oslo
100%
11:22 Reykjavik
100%
08:48 Amsterdam
95%
08:42 Brussels
95%
08:38 Dublin
95%
08:03 London
95%
08:59 Riga
95%
08:14 Berlin
90%
08:36 Copenhagen
90%
09:25 Minsk
90%
08:41 Paris
90%
08:43 Stockholm
90%
08:39 Vilnius
90%
08:12 Bern
85%
09:17 Tallinn
85%
08:34 Madrid
75%
08:29 Luxembourg
70%
08:28 Bishkek
0%
No matching quizzes found
Score Distribution
Percent of People with Each Score
Percentile by Number Answered
Your Score History
You have not taken this quiz